000 00324nam a22001217a 4500
008 160520b xxu||||| |||| 00| 0 eng d
020 _a9780135075623
020 _a9780135075623
041 _aeng
080 _a618.2
245 _aNurses drugguide :
_cBillie Ann Wilson BSN MSN; Margaret T. Shannon BSN MSN;
942 _2udc
_cBK
999 _c2287
_d2287